=LDR 00000nam 2200000 4500 =001 INLIS000000000036592 =005 20130612142353 =008 ***********************************Ind** =035 ##$$0010-061300000036592 =041 ##$$a Ind =082 ##$$a 028.5 =090 ##$$a 028.5, Dam t =100 ##$$a Dami, Andrea =245 ##$$a Travel back in time with tony wolf, the greets = terbang ke masa lalu bersama Tony Wolf Yunani, Andrea Dani ; alih bahasa, Ramayanti =260 ##$$a 2008 $b Jakarta =300 ##$$a 12 hlm, ilus, 29 cm =650 ##$$a Bacaan kanak-kanak =850 ##$$a NBPNMAT